Responses for Show #3599 - Thursday, April 6, 2000

Contestants

[<< previous game]

Bill Frisch, a marketing coordinator from Baltimore, Maryland

Marianne Burnham, a technical editor from Nashua, New Hampshire

Russell Walks, a customer service representative from Billings, Montana (whose 1-day cash winnings total $11,001)

[next game >>]

Jeopardy! Round responses

U.S. HIGHS & LOWS
WAYNES WORLD
FRUITS & VEGETABLES
FRONTMEN
(Alex: A category in which you have to name the leader of the group; we'll name the band.)
NEWSPAPERS
FRENCH WORDS & PHRASES
    $100 16
California

Bill
    $100 6
Bruce Wayne

Russell
    $100 23
(with about a minute to go...)

Plantains

Marianne
    $100 1
(R: Who is Spanky?)

Kool

RussellBill
    $100 11
The Wall Street Journal

Russell
    $100 21
Mouth

Bill
    $200 17
Alaska (Mount McKinley)

Russell
    $200 7
Wayne Rogers

Marianne
    $200 24
Cucumber

Marianne
    $200 2
(B: Who is Hootie?)

Country Joe

Bill
Triple Stumper
    $200 12
The Washington Post

Marianne
    $200 22
A.D. (Anno Domini)

Russell
    $300 19
(R: What is the Platte River?)

Missouri River

RussellBill
    $300 8
Wayne Newton

Russell
    $300 25
Squash

Marianne
    $300 3
Marky Mark

Bill
    $300 13
Pravda

Marianne
    $300 28
Restring

Russell
    $400 18
Florida

Russell
    $400 9
(M: Who is Wayne Wong?)

Wayne Wang

Marianne
Triple Stumper
    $400 26
(M: What are beans?)

Potatoes

Marianne
Triple Stumper
    $400 4
(B: Who is Susie?)

Sam the Sham

MarianneBill
    $400 14
The Christian Science Monitor

Russell
    $400 29
Airplane (hijacking)

Triple Stumper
    $500 20
Colorado

Bill
    $500 10
Mad Anthony Wayne

Triple Stumper
    $500 27
Papaya

Bill
    $500 5
Dion

Russell
    $500 15
(R: What is the St. Louis Tribune?)
(M: What is the St. Louis Post-Dispatch?)

Kansas City Star

RussellMarianne
Triple Stumper
    $500 30
(R: What is a coup d'etat?)

Coup de grace

RussellBill

Scores at the first commercial break (after clue 15):

Russell Marianne Bill
$800 $200 -$200

Scores at the end of the Jeopardy! Round:

Russell Marianne Bill
$1,100 $400 $1,800

Double Jeopardy! Round responses

WORLD LIT
EXPRESSION-ISM
ACTORS & THEIR FILMS
FUN WITH OPERA
YARDSTICK
RULER
    $200 1
Alexandre Dumas

Bill
    $200 18
Bushy-tailed

Marianne
    $200 13
The OK Corral

Russell
    $200 4
Vampire

Bill
    $200 23
Ace

Bill
    $200 9
Ferdinand Marcos

Russell
    $400 2
Elizabeth Barrett Browning

Triple Stumper
    $400 19
Circular file

Marianne
    $400 14
The Firm

Bill
    $400 5
"Cinderella"

Bill
    $400 10
(M: I don't know.)

Manuel Noriega

MarianneBill
    $600 3
James Clavell

Bill
    $600 20
White-knuckle

Russell
    $600 15
Sling Blade

Russell
    $400 6
Nixon

Bill
    $600 11
Francisco Franco

Bill
    $800 21
(B: What is "Keeping up with the Joneses?')

Jonesing

RussellBill
    $800 16
Seven Samurai

Bill
    $800 7
Sergei Prokofiev

Bill
    $800 25
(buzzer sounds - there was no time warning issued earlier)

Grandmaster

Marianne
    $600 12
(B: Who is Nero?)

Pontius Pilate

Bill
    $1000 22
Hobson's choice

Triple Stumper
    $1000 17
Ingrid Bergman

Russell
    $1000 8
"Faust"

Bill
    $1000 24
Shellback

Triple Stumper

Scores at the end of the Double Jeopardy! Round:

Russell Marianne Bill
$4,500 $1,400 $6,400

[wagering suggestions for these scores]

Final Jeopardy! Round responses

POLITICIANS
MarianneWho was Tip O'Neill
$1,399
RussellWho is Tip O'Neil?
$4,450
BillWho was Tip O'Neill?
$2,608
Thomas "Tip" O'Neill

Final scores:

Russell Marianne Bill
$8,950 $2,799 $9,008
2nd place: JVC Home Theater System & DirecTV Satellite Service 3rd place: Viewsonic VP-150 Computer/TV Monitor New champion: $9,008

Game dynamics:

Coryat scores:

Russell Marianne Bill
$4,500 $1,400 $7,200
15 R,
4 W
10 R,
4 W
20 R
(including 2 DDs),
4 W
(including 1 DD)

Combined Coryat: $13,100

[game clues] [game scores] [suggest correction]

Game tape date: 2000-02-01
The J! Archive is created by fans, for fans. Scraping, republication, monetization, and malicious use prohibited; this site may use cookies and collect identifying information. See terms. The Jeopardy! game show and all elements thereof, including but not limited to copyright and trademark thereto, are the property of Jeopardy Productions, Inc. and are protected under law. This website is not affiliated with, sponsored by, or operated by Jeopardy Productions, Inc. Join the discussion at JBoard.tv.